Missing Word: Halle Berry Quiz Stats

 Plays Quiz Updated May 29, 2013

Score 0/16 Timer 03:00
0 Plays Today
Movie Missing Word % Correct
New Year's ____Eve
92.1%
____ Another DayDie
89.9%
X-Men 3: The _____ StandLast
89.5%
Monster's _____Ball
82.5%
The Rich ____'s WifeMan
80.2%
Why Do _____ Fall in LoveFools
74.8%
*Their _____ Were Watching GodEyes
68.6%
Cloud _____Atlas
56.4%
Movie Missing Word % Correct
Executive ________Decision
49.5%
The Last Boy ______Scout
47%
_______ StrangerPerfect
42.4%
Things We Lost in the ____Fire
38.5%
*Introducing _______ DandridgeDorothy
37.5%
______ 43Movie
32.9%
______ IsaiahLosing
27.2%
_______ BusinessStrictly
6.9%

Today's Daily Dose

You're not logged in!

Compare scores with friends on all Sporcle quizzes.
Join for Free
OR
Log In

You Might Also Like...

Show Comments

Extras

Top Quizzes Today


Score Distribution

Your Account Isn't Verified!

In order to create a playlist on Sporcle, you need to verify the email address you used during registration. Go to your Sporcle Settings to finish the process.

Report this User

Report this user for behavior that violates our Community Guidelines.

Details: